[Event "Titled Tuesday intern op 21st Dec"]
[Site "Chess.com INT"]
[Date "2021.12.21"]
[Round "2"]
[White "Kezin, Roman"]
[Black "Budrewicz, Krzysztof"]
[Result "1-0"]
[WhiteElo "2494"]
[BlackElo "2183"]
[PlyCount "45"]
[EventDate "2021.12.21"]
[EventType "swiss (blitz)"]
[EventRounds "11"]
[EventCountry "USA"]
[SourceTitle "CBM 205 Extra"]
[Source "ChessBase"]
[SourceDate "2022.01.31"]
[SourceVersion "1"]
[SourceVersionDate "2022.01.31"]
[SourceQuality "1"]

1. d4 Nf6 2. Nf3 g6 3. Bf4 Bg7 4. e3 d6 5. h3 O-O 6. Be2 c5 7. O-O Nc6 8. c3 Nd5 9. Bh2 cxd4 10. exd4 e5 11. Na3 e4 12. Nd2 f5 13. Nb5 Rf6 14. Bc4 Nce7 15. Qb3 Be6 16. Bxd6 Bf7 17. Bxe7 Nxe7 18. Bxf7+ Rxf7 19. Nc4 Nc8 20. Ne5 Bxe5 21. dxe5 a6 22. Rad1 Qb6 23. Rd7 1-0

[Event "Titled Tuesday intern op 21st Dec"]
[Site "Chess.com INT"]
[Date "2021.12.21"]
[Round "2"]
[White "Khripachenko, Alexander"]
[Black "Khamdamova, Afruza"]
[Result "1-0"]
[WhiteElo "2288"]
[BlackElo "1771"]
[PlyCount "167"]
[EventDate "2021.12.21"]
[EventType "swiss (blitz)"]
[EventRounds "11"]
[EventCountry "USA"]
[SourceTitle "CBM 205 Extra"]
[Source "ChessBase"]
[SourceDate "2022.01.31"]
[SourceVersion "1"]
[SourceVersionDate "2022.01.31"]
[SourceQuality "1"]

1. e4 e5 2. Nf3 Nf6 3. Nxe5 d6 4. Nf3 Nxe4 5. Nc3 Nxc3 6. dxc3 Be7 7. Be3 Nc6 8. Qd2 O-O 9. O-O-O Ne5 10. Be2 Be6 11. Kb1 Nc4 12. Bxc4 Bxc4 13. h4 Be6 14. Ng5 Qd7 15. f3 b5 16. h5 h6 17. Ne4 d5 18. Nc5 Bxc5 19. Bxc5 Rfb8 20. g4 a5 21. g5 Qc6 22. Bd4 Bf5 23. gxh6 Qxh6 24. Qxh6 gxh6 25. Rhg1+ Kf8 26. Rde1 Be6 27. f4 Ra6 28. Bc5+ Rd6 29. Rgf1 Bf5 30. Re5 Be4 31. a3 Kg7 32. Bxd6 cxd6 33. Re7 Kf6 34. Ra7 a4 35. Kc1 Rc8 36. Kd2 d4 37. cxd4 Rxc2+ 38. Ke3 d5 39. Rf2 Rc1 40. Rb7 Re1+ 41. Re2 Rh1 42. Rxb5 Rxh5 43. Ra5 Rh3+ 44. Kd2 Rd3+ 45. Ke1 Rxd4 46. Kf2 Kf5 47. Ra7 f6 48. Ra6 h5 49. Re1 h4 50. Re2 h3 51. Kg3 Rd3+ 52. Kh2 Kxf4 53. Rxf6+ Ke5 54. Rh6 Kd4 55. Rxh3 Rxh3+ 56. Kxh3 Kd3 57. Rf2 d4 58. Kg4 Kc4 59. Kf4 Bd5 60. Rd2 Bf7 61. Ke5 d3 62. Kf6 Bg8 63. Ke5 Bh7 64. Kd6 Kb3 65. Kc5 Bf5 66. Rf2 Be4 67. Kd4 Bg6 68. Rh2 Bf5 69. Rd2 Bg6 70. Ke3 Bf5 71. Kf2 Bg6 72. Ke1 Bf5 73. Kd1 Bg6 74. Kc1 Bf5 75. Rf2 Be4 76. Rf4 Bg6 77. Rb4+ Ka2 78. Kd2 Bf5 79. Rb5 Bg6 80. Rb4 Bf5 81. Rxa4 Kxb2 82. Rf4 Bg6 83. a4 Kb3 84. a5 1-0

[Event "Titled Tuesday intern op 21st Dec"]
[Site "Chess.com INT"]
[Date "2021.12.21"]
[Round "2"]
[White "Klimciauskas, Domantas"]
[Black "Maly, Alexey"]
[Result "0-1"]
[WhiteElo "2150"]
[BlackElo "2368"]
[PlyCount "204"]
[EventDate "2021.12.21"]
[EventType "swiss (blitz)"]
[EventRounds "11"]
[EventCountry "USA"]
[SourceTitle "CBM 205 Extra"]
[Source "ChessBase"]
[SourceDate "2022.01.31"]
[SourceVersion "1"]
[SourceVersionDate "2022.01.31"]
[SourceQuality "1"]

1. d4 d5 2. Nf3 Nf6 3. g3 e6 4. Bg2 Be7 5. O-O O-O 6. c4 c6 7. Qc2 Nbd7 8. Nbd2 b6 9. e4 dxe4 10. Nxe4 Bb7 11. Rd1 Nxe4 12. Qxe4 Nf6 13. Qe2 Qc7 14. Bf4 Bd6 15. Ne5 Rfd8 16. c5 bxc5 17. dxc5 Bxc5 18. Nxc6 Rxd1+ 19. Rxd1 Qb6 20. Ne5 Bxg2 21. Kxg2 Rd8 22. Rxd8+ Qxd8 23. Qc4 Qb6 24. b3 h6 25. f3 Nd5 26. Nd7 Nxf4+ 27. gxf4 Qa5 28. Nxc5 Qxa2+ 29. Kh3 Qf2 30. Ne4 Qxf3+ 31. Ng3 g6 32. b4 h5 33. Qe4 Qg4+ 34. Kg2 h4 35. Qa8+ Kg7 36. Qxa7 hxg3 37. hxg3 Qe2+ 38. Kh3 Qh5+ 39. Kg2 Qd5+ 40. Kg1 Qd1+ 41. Kg2 Qd2+ 42. Kg1 Qxb4 43. Qe3 Qb1+ 44. Kg2 Qf5 45. Kg1 Qd5 46. Kh2 Kg8 47. Kg1 Qh5 48. Kg2 Qg4 49. Kh2 Qd1 50. Kg2 Qc2+ 51. Kg1 Kh7 52. Kh1 Qb1+ 53. Kh2 Qa2+ 54. Kg1 Qd5 55. Kh2 f6 56. Kg1 Kg7 57. Kh2 e5 58. Qa7+ Kh6 59. fxe5 Qxe5 60. Kg2 Qe4+ 61. Kh2 g5 62. Qf7 Qe2+ 63. Kg1 Qd1+ 64. Kg2 Qe2+ 65. Kg1 Qe3+ 66. Kg2 Qe5 67. Kh2 g4 68. Qf8+ Kg6 69. Qg8+ Kf5 70. Qh7+ Ke6 71. Qg8+ Kd6 72. Qb8+ Kd5 73. Qb5+ Ke6 74. Qc6+ Kf5 75. Qd7+ Kg5 76. Qg7+ Kf5 77. Qd7+ Qe6 78. Qh7+ Ke5 79. Qh5+ f5 80. Qg5 Qa2+ 81. Kh1 Qb1+ 82. Kh2 Qc2+ 83. Kg1 Qd1+ 84. Kh2 Qe2+ 85. Kg1 Qe1+ 86. Kg2 Qe4+ 87. Kg1 Kd4 88. Qf6+ Ke3 89. Qc3+ Qd3 90. Qe5+ Kf3 91. Qf4+ Ke2 92. Qf2+ Kd1 93. Qa7 Qxg3+ 94. Kf1 Qf3+ 95. Kg1 Qg3+ 96. Kf1 Qd3+ 97. Kg1 Ke2 98. Qa2+ Kf3 99. Qa8+ Qe4 100. Qb8 Qe1+ 101. Kh2 g3+ 102. Kh3 Qh1# 0-1

[Event "Titled Tuesday intern op 21st Dec"]
[Site "Chess.com INT"]
[Date "2021.12.21"]
[Round "2"]
[White "Koellner, Ruben Gideon"]
[Black "Tasdogen, Dincer"]
[Result "0-1"]
[WhiteElo "2428"]
[BlackElo "2301"]
[PlyCount "68"]
[EventDate "2021.12.21"]
[EventType "swiss (blitz)"]
[EventRounds "11"]
[EventCountry "USA"]
[SourceTitle "CBM 205 Extra"]
[Source "ChessBase"]
[SourceDate "2022.01.31"]
[SourceVersion "1"]
[SourceVersionDate "2022.01.31"]
[SourceQuality "1"]

1. d4 g6 2. e3 Bg7 3. Nf3 d6 4. Nbd2 Nd7 5. Bd3 e5 6. dxe5 dxe5 7. O-O Qe7 8. Qe2 Ngf6 9. e4 O-O 10. c3 Nc5 11. Bc2 b6 12. Rd1 a5 13. a4 Ba6 14. Nc4 Qe6 15. b3 Rfd8 16. Ba3 Bf8 17. Rxd8 Rxd8 18. Rd1 Rxd1+ 19. Bxd1 Bxc4 20. bxc4 Ncxe4 21. Bxf8 Kxf8 22. Bc2 Nxc3 23. Qxe5 Qxe5 24. Nxe5 Ke7 25. Nd3 Kd6 26. f3 Nd7 27. Kf2 Ne5 28. Nb2 Kc5 29. Ke3 Nxc4+ 30. Nxc4 Kxc4 31. Kf4 b5 32. axb5 a4 33. Kg5 a3 34. Kf6 a2 0-1

[Event "Titled Tuesday intern op 21st Dec"]
[Site "Chess.com INT"]
[Date "2021.12.21"]
[Round "2"]
[White "Korkmaz, Necmettin"]
[Black "Perez Leiva, Jerzy Jesus"]
[Result "0-1"]
[WhiteElo "2106"]
[BlackElo "2384"]
[PlyCount "86"]
[EventDate "2021.12.21"]
[EventType "swiss (blitz)"]
[EventRounds "11"]
[EventCountry "USA"]
[SourceTitle "CBM 205 Extra"]
[Source "ChessBase"]
[SourceDate "2022.01.31"]
[SourceVersion "1"]
[SourceVersionDate "2022.01.31"]
[SourceQuality "1"]

1. e4 c5 2. Nc3 Nc6 3. f4 e6 4. Nf3 a6 5. g3 d5 6. Bg2 Nge7 7. d3 g6 8. O-O Bg7 9. h3 b5 10. exd5 exd5 11. Re1 O-O 12. g4 Re8 13. Ne2 f5 14. g5 Qb6 15. c3 Be6 16. Be3 d4 17. Bf2 Rad8 18. cxd4 cxd4 19. a3 a5 20. Rc1 Bd5 21. Nc3 Bf7 22. Qc2 Qb8 23. Ne2 Rd5 24. Bg3 a4 25. Ne5 Nxe5 26. Bxd5 Nxd5 27. fxe5 Be6 28. Nxd4 Rc8 29. Qg2 Qb6 30. Bf2 Rxc1 31. Rxc1 Bf8 32. Nxf5 Qb8 33. Nh6+ Bxh6 34. gxh6 Qf8 35. Rf1 Nf4 36. Qg3 Ne2+ 37. Kh2 Nxg3 38. Kg2 Qa8+ 39. Kxg3 Qd5 40. d4 Qb3+ 41. Kg2 Qxh3+ 42. Kg1 Bd5 43. Bg3 Qg2# 0-1

[Event "Titled Tuesday intern op 21st Dec"]
[Site "Chess.com INT"]
[Date "2021.12.21"]
[Round "2"]
[White "Kravtsiv, Martyn"]
[Black "Bilan, Danila"]
[Result "1/2-1/2"]
[WhiteElo "2604"]
[BlackElo "2303"]
[PlyCount "129"]
[EventDate "2021.12.21"]
[EventType "swiss (blitz)"]
[EventRounds "11"]
[EventCountry "USA"]
[SourceTitle "CBM 205 Extra"]
[Source "ChessBase"]
[SourceDate "2022.01.31"]
[SourceVersion "1"]
[SourceVersionDate "2022.01.31"]
[SourceQuality "1"]

1. e4 c6 2. Nf3 d5 3. d3 Bg4 4. h3 Bxf3 5. Qxf3 e6 6. g3 Nd7 7. Bg2 g6 8. O-O Bg7 9. Re1 Ne7 10. c3 O-O 11. exd5 cxd5 12. d4 b5 13. Bg5 Re8 14. Nd2 b4 15. c4 Bxd4 16. cxd5 exd5 17. Rxe7 Rxe7 18. Bxe7 Qxe7 19. Qxd5 Bxf2+ 20. Kxf2 Re8 21. Ne4 Nb6 22. Qd6 Qxd6 23. Nxd6 Rd8 24. Ne4 f5 25. Nf6+ Kg7 26. Nd5 Nxd5 27. Rd1 Rc8 28. Rxd5 Rc2+ 29. Kf1 Rxb2 30. Ra5 b3 31. Rxa7+ Kh6 32. axb3 Rxb3 33. Kf2 Rb2+ 34. Kg1 Rb1+ 35. Kh2 Rb2 36. h4 Rc2 37. Kh3 Rc3 38. Kh2 Rc2 39. Re7 Rb2 40. Kg1 Rb1+ 41. Kf2 Rb2+ 42. Re2 Rb1 43. Bf3 Rb3 44. Re7 Rb5 45. Be2 Rb2 46. Rd7 Ra2 47. Kf3 Ra3+ 48. Bd3 Rb3 49. Kf4 Rb4+ 50. Ke3 Rb3 51. Kd4 Rb4+ 52. Bc4 Rb8 53. Ke5 Rh8 54. Kf4 Re8 55. Bd5 Rh8 56. Re7 Rb8 57. Ke5 Rh8 58. Kf6 Rf8+ 59. Bf7 Rh8 60. Re8 Rxe8 61. Bxe8 Kh5 62. Kg7 Kg4 63. Kxh7 Kxg3 64. Kxg6 Kxh4 65. Kxf5 1/2-1/2

[Event "Titled Tuesday intern op 21st Dec"]
[Site "Chess.com INT"]
[Date "2021.12.21"]
[Round "2"]
[White "Lagunov, Evgenij"]
[Black "Hirneise, Jens"]
[Result "0-1"]
[WhiteElo "2201"]
[BlackElo "2327"]
[PlyCount "106"]
[EventDate "2021.12.21"]
[EventType "swiss (blitz)"]
[EventRounds "11"]
[EventCountry "USA"]
[SourceTitle "CBM 205 Extra"]
[Source "ChessBase"]
[SourceDate "2022.01.31"]
[SourceVersion "1"]
[SourceVersionDate "2022.01.31"]
[SourceQuality "1"]

1. e4 d5 2. exd5 Qxd5 3. Nc3 Qa5 4. d4 c6 5. Nf3 Bg4 6. h3 Bxf3 7. Qxf3 Nf6 8. Bc4 Nbd7 9. Bd2 e6 10. O-O-O Bb4 11. a3 Bxc3 12. Bxc3 Qc7 13. g4 h6 14. h4 Nd5 15. Bd2 N7b6 16. Bd3 O-O-O 17. c4 Nf6 18. g5 hxg5 19. hxg5 Rxh1 20. Rxh1 Ng8 21. Be3 Qe7 22. Rh7 Qf8 23. Qf4 Ne7 24. Qe5 Nf5 25. Bf4 Qd6 26. Qxd6 Nxd6 27. c5 Nf5 28. Bxf5 Rxd4 29. Be3 Rc4+ 30. Bc2 Nd5 31. Rxg7 Nxe3 32. fxe3 Rxc5 33. Kd2 Re5 34. e4 c5 35. Ke3 c4 36. Kf4 Rb5 37. Rxf7 Rxb2 38. g6 Rxc2 39. g7 Rg2 40. Rf8+ Kc7 41. g8=Q Rxg8 42. Rxg8 b5 43. Ke5 a5 44. Kd4 Kd6 45. e5+ Kc6 46. Re8 Kd7 47. Rb8 Kc6 48. Ra8 a4 49. Re8 Kd7 50. Rb8 Kc6 51. Kc3 Kc5 52. Re8 Kd5 53. Rb8 Kc5 0-1

[Event "Titled Tuesday intern op 21st Dec"]
[Site "Chess.com INT"]
[Date "2021.12.21"]
[Round "2"]
[White "Levitsky, Andrey"]
[Black "Rakhmanov, Alexander"]
[Result "0-1"]
[WhiteElo "2329"]
[BlackElo "2640"]
[PlyCount "76"]
[EventDate "2021.12.21"]
[EventType "swiss (blitz)"]
[EventRounds "11"]
[EventCountry "USA"]
[SourceTitle "CBM 205 Extra"]
[Source "ChessBase"]
[SourceDate "2022.01.31"]
[SourceVersion "1"]
[SourceVersionDate "2022.01.31"]
[SourceQuality "1"]

1. e4 c5 2. Nf3 Nf6 3. Nc3 d5 4. exd5 Nxd5 5. Bb5+ Bd7 6. Bxd7+ Qxd7 7. O-O Nc6 8. Nxd5 Qxd5 9. b3 e5 10. Bb2 f6 11. Re1 Be7 12. d3 O-O 13. Nd2 Rfe8 14. Qg4 Rad8 15. Nc4 Qd7 16. Qh5 Nd4 17. Bxd4 cxd4 18. a4 b6 19. Re2 Bc5 20. Rae1 a6 21. f4 Bb4 22. Rf1 b5 23. axb5 axb5 24. Nd2 exf4 25. Ne4 f5 26. Ng5 g6 27. Rxe8+ Rxe8 28. Qh4 Bd2 29. h3 Be3+ 30. Kh1 Qe7 31. Qh6 f3 32. h4 fxg2+ 33. Kxg2 Bxg5 34. hxg5 Qe2+ 35. Rf2 Qg4+ 36. Kf1 Qd1+ 37. Kg2 Re1 38. Qh1 Rxh1 0-1

[Event "Titled Tuesday intern op 21st Dec"]
[Site "Chess.com INT"]
[Date "2021.12.21"]
[Round "2"]
[White "Liu, Leonardo"]
[Black "Migot, Tangi"]
[Result "1-0"]
[WhiteElo "1767"]
[BlackElo "2353"]
[PlyCount "71"]
[EventDate "2021.12.21"]
[EventType "swiss (blitz)"]
[EventRounds "11"]
[EventCountry "USA"]
[SourceTitle "CBM 205 Extra"]
[Source "ChessBase"]
[SourceDate "2022.01.31"]
[SourceVersion "1"]
[SourceVersionDate "2022.01.31"]
[SourceQuality "1"]

1. e4 c5 2. Nc3 a6 3. g3 b5 4. Bg2 Bb7 5. d3 e6 6. Nh3 Nc6 7. O-O Nge7 8. f4 d6 9. f5 e5 10. f6 gxf6 11. Rxf6 b4 12. Ne2 Ng6 13. Bg5 Be7 14. Qf1 Rf8 15. Rf5 Bc8 16. Bxe7 Qxe7 17. Rf6 Nf4 18. Rxf4 exf4 19. e5 Bb7 20. exd6 Qxd6 21. Nexf4 O-O-O 22. Nf2 f5 23. Re1 Rde8 24. Nd1 Rxe1 25. Qxe1 Qe5 26. Qf2 Nd4 27. Ne3 Bxg2 28. Nc4 Qc7 29. Qxg2 Qc6 30. Nd5 Re8 31. Qf2 Ne2+ 32. Kf1 f4 33. gxf4 Kb7 34. Na5+ Ka8 35. Nxc6 Nd4 36. Nc7+ 1-0

[Event "Titled Tuesday intern op 21st Dec"]
[Site "Chess.com INT"]
[Date "2021.12.21"]
[Round "2"]
[White "Ljukin, Sergei"]
[Black "Toshali, V."]
[Result "1-0"]
[WhiteElo "2362"]
[BlackElo "2126"]
[PlyCount "49"]
[EventDate "2021.12.21"]
[EventType "swiss (blitz)"]
[EventRounds "11"]
[EventCountry "USA"]
[SourceTitle "CBM 205 Extra"]
[Source "ChessBase"]
[SourceDate "2022.01.31"]
[SourceVersion "1"]
[SourceVersionDate "2022.01.31"]
[SourceQuality "1"]

1. e4 b6 2. d4 Bb7 3. Bd3 e6 4. Nf3 d5 5. e5 c5 6. c3 Nc6 7. a3 a6 8. b4 cxb4 9. cxb4 a5 10. b5 Na7 11. O-O Qd7 12. Nc3 Ne7 13. Na4 Nac8 14. h4 Ng6 15. h5 Nge7 16. h6 gxh6 17. Be3 Ng6 18. Qd2 h5 19. Bg5 Bg7 20. g3 O-O 21. Kg2 Rb8 22. Rh1 Ba8 23. Rxh5 Nce7 24. Rah1 f6 25. exf6 1-0

[Event "Titled Tuesday intern op 21st Dec"]
[Site "Chess.com INT"]
[Date "2021.12.21"]
[Round "2"]
[White "Loy, Konstantin"]
[Black "Barria Zuniga, Daniel"]
[Result "0-1"]
[WhiteElo "2268"]
[BlackElo "2341"]
[PlyCount "60"]
[EventDate "2021.12.21"]
[EventType "swiss (blitz)"]
[EventRounds "11"]
[EventCountry "USA"]
[SourceTitle "CBM 205 Extra"]
[Source "ChessBase"]
[SourceDate "2022.01.31"]
[SourceVersion "1"]
[SourceVersionDate "2022.01.31"]
[SourceQuality "1"]

1. e4 c5 2. Nf3 e6 3. d3 b6 4. g3 Bb7 5. Bg2 d6 6. O-O Nd7 7. Re1 Ngf6 8. c3 Be7 9. Nbd2 O-O 10. d4 cxd4 11. cxd4 Rc8 12. e5 dxe5 13. dxe5 Ng4 14. h3 Nxf2 15. Kxf2 Bc5+ 16. Kf1 Ba6+ 17. Re2 f6 18. Ne4 Nxe5 19. Qxd8 Rcxd8 20. Bf4 Nd3 21. Nxc5 bxc5 22. b3 e5 23. Be3 f5 24. Ne1 f4 25. Bf2 Nxe1 26. Kxe1 f3 27. Bxf3 Rxf3 28. Rxe5 Rdf8 29. Bxc5 Rf1+ 30. Kd2 Rd8+ 0-1

[Event "Titled Tuesday intern op 21st Dec"]
[Site "Chess.com INT"]
[Date "2021.12.21"]
[Round "2"]
[White "Manukian, Artak"]
[Black "Wieczorek, Zbigniew"]
[Result "1-0"]
[WhiteElo "2196"]
[BlackElo "2155"]
[PlyCount "69"]
[EventDate "2021.12.21"]
[EventType "swiss (blitz)"]
[EventRounds "11"]
[EventCountry "USA"]
[SourceTitle "CBM 205 Extra"]
[Source "ChessBase"]
[SourceDate "2022.01.31"]
[SourceVersion "1"]
[SourceVersionDate "2022.01.31"]
[SourceQuality "1"]

1. e4 g6 2. d4 Bg7 3. c4 d6 4. Nc3 Nf6 5. f3 O-O 6. Bg5 c5 7. d5 e6 8. Qd2 exd5 9. Nxd5 Be6 10. Ne2 Nc6 11. Nec3 Nd4 12. O-O-O a6 13. h4 b5 14. h5 b4 15. Nb1 Bxd5 16. cxd5 Qa5 17. Bc4 Nd7 18. hxg6 fxg6 19. Bh6 Bh8 20. Bxf8 Rxf8 21. Qh6 Rf7 22. f4 Nb6 23. Nd2 Nxc4 24. Nxc4 Qxa2 25. Nxd6 Nb3+ 26. Kc2 Qxb2+ 27. Kd3 c4+ 28. Nxc4 Qd4+ 29. Ke2 Qxc4+ 30. Kf3 Qc3+ 31. Kg4 Qc8+ 32. Kg3 g5 33. f5 Rg7 34. Qe6+ Rf7 35. Qxc8+ 1-0

[Event "Titled Tuesday intern op 21st Dec"]
[Site "Chess.com INT"]
[Date "2021.12.21"]
[Round "2"]
[White "Manukyan, Artyom"]
[Black "Sadhwani, Raunak"]
[Result "0-1"]
[WhiteElo "2106"]
[BlackElo "2616"]
[PlyCount "167"]
[EventDate "2021.12.21"]
[EventType "swiss (blitz)"]
[EventRounds "11"]
[EventCountry "USA"]
[SourceTitle "CBM 205 Extra"]
[Source "ChessBase"]
[SourceDate "2022.01.31"]
[SourceVersion "1"]
[SourceVersionDate "2022.01.31"]
[SourceQuality "1"]

1. e4 e5 2. Nf3 Nc6 3. Bb5 Nge7 4. O-O Ng6 5. d4 exd4 6. Nxd4 Bc5 7. c3 O-O 8. Be3 Bb6 9. Nf5 d6 10. Bxb6 axb6 11. Ne3 Re8 12. Nd2 Bd7 13. f4 Nge7 14. Bd3 Kh8 15. Qh5 f6 16. Rf3 Rf8 17. a3 Qe8 18. Qh4 Ng6 19. Qg3 Nge7 20. Qh4 Ra5 21. Nd5 Ng6 22. Qg3 Qd8 23. Raf1 Nce7 24. Bc4 f5 25. Nxe7 Qxe7 26. Bd3 Bc6 27. Re1 fxe4 28. Nxe4 Qh4 29. Rf2 Qxg3 30. hxg3 Raa8 31. Ng5 Rae8 32. Rfe2 Rxe2 33. Rxe2 Re8 34. Ne6 Re7 35. Bxg6 hxg6 36. Kf2 Kg8 37. Nd4 Rxe2+ 38. Nxe2 Kf7 39. Nd4 Bd7 40. Ke3 c5 41. Nf3 Bc6 42. Ng5+ Kf6 43. Ne4+ Ke7 44. g4 Bd7 45. Kf3 d5 46. Ng5 Ba4 47. Kf2 Bd1 48. Nf3 Bxf3 49. Kxf3 Ke6 50. g3 b5 51. Ke3 b6 52. b3 Kd6 53. Kd3 Kc6 54. Ke3 Kb7 55. Kd3 Kc7 56. Ke3 Kd6 57. Kd3 Ke6 58. Ke3 Kd7 59. Kd3 Kc7 60. Ke3 Kb7 61. Kd3 Ka6 62. Ke3 Ka7 63. Kd3 Kb8 64. Ke3 Kc8 65. Kd3 Kd7 66. Ke3 Ke6 67. Kd3 Kd6 68. Ke3 Ke6 69. Kd3 g5 70. Ke3 Kd6 71. Kd3 c4+ 72. bxc4 bxc4+ 73. Kd4 b5 74. fxg5 g6 75. Ke3 Ke5 76. Kd2 Ke4 77. Ke2 d4 78. cxd4 Kxd4 79. Kd2 c3+ 80. Kc2 Kc4 81. Kc1 Kb3 82. Kb1 Kxa3 83. Kc2 b4 84. Kc1 0-1

[Event "Titled Tuesday intern op 21st Dec"]
[Site "Chess.com INT"]
[Date "2021.12.21"]
[Round "2"]
[White "Matinian, Nikita"]
[Black "Tasev, Dejan"]
[Result "1-0"]
[WhiteElo "2454"]
[BlackElo "2272"]
[PlyCount "75"]
[EventDate "2021.12.21"]
[EventType "swiss (blitz)"]
[EventRounds "11"]
[EventCountry "USA"]
[SourceTitle "CBM 205 Extra"]
[Source "ChessBase"]
[SourceDate "2022.01.31"]
[SourceVersion "1"]
[SourceVersionDate "2022.01.31"]
[SourceQuality "1"]

1. e4 c6 2. d4 d5 3. e5 Bf5 4. Nf3 e6 5. Be2 Ne7 6. Nbd2 Nd7 7. Nb3 h6 8. a4 g5 9. O-O Bg7 10. Bd2 O-O 11. Ba5 Qe8 12. Re1 f6 13. exf6 Bxf6 14. Bd3 Qg6 15. Rxe6 Bxe6 16. Bxg6 Nxg6 17. Bc7 b6 18. a5 b5 19. Bd6 Rfe8 20. a6 Nb6 21. Nc5 Bf7 22. b3 Nc8 23. Be5 Nxe5 24. Nxe5 Bxe5 25. dxe5 Rxe5 26. Qd4 Rf5 27. Nd7 Nd6 28. Qc5 Ne4 29. Qxc6 Rd8 30. f3 Nd2 31. Re1 d4 32. Re7 g4 33. Nf6+ Kg7 34. Rxf7+ Kxf7 35. Qc7+ Kxf6 36. Qxd8+ Kg6 37. Qg8+ Kf6 38. Qxg4 1-0

[Event "Titled Tuesday intern op 21st Dec"]
[Site "Chess.com INT"]
[Date "2021.12.21"]
[Round "2"]
[White "Matveeva, Olga"]
[Black "Karacsonyi, Gellert"]
[Result "0-1"]
[WhiteElo "2171"]
[BlackElo "2348"]
[PlyCount "40"]
[EventDate "2021.12.21"]
[EventType "swiss (blitz)"]
[EventRounds "11"]
[EventCountry "USA"]
[SourceTitle "CBM 205 Extra"]
[Source "ChessBase"]
[SourceDate "2022.01.31"]
[SourceVersion "1"]
[SourceVersionDate "2022.01.31"]
[SourceQuality "1"]

1. d4 Nf6 2. c4 e6 3. g3 d5 4. Nf3 dxc4 5. Bg2 Bd7 6. Ne5 Bc6 7. Nxc6 Nxc6 8. Bxc6+ bxc6 9. O-O h5 10. e3 h4 11. Qf3 Qd5 12. Nd2 hxg3 13. fxg3 Bd6 14. Qf2 O-O-O 15. Qe2 Bxg3 16. hxg3 Rh1+ 17. Kf2 Rh2+ 18. Ke1 Rxe2+ 19. Kxe2 Rh8 20. Nf3 Ne4 0-1

[Event "Titled Tuesday intern op 21st Dec"]
[Site "Chess.com INT"]
[Date "2021.12.21"]
[Round "2"]
[White "Mayaud, Raphael"]
[Black "Tzoumbas, Anastasios"]
[Result "0-1"]
[WhiteElo "2216"]
[BlackElo "2287"]
[PlyCount "158"]
[EventDate "2021.12.21"]
[EventType "swiss (blitz)"]
[EventRounds "11"]
[EventCountry "USA"]
[SourceTitle "CBM 205 Extra"]
[Source "ChessBase"]
[SourceDate "2022.01.31"]
[SourceVersion "1"]
[SourceVersionDate "2022.01.31"]
[SourceQuality "1"]

1. d4 Nf6 2. Bg5 Ne4 3. Bf4 d5 4. e3 g5 5. Be5 Rg8 6. Bd3 Nc6 7. Bg3 Nxg3 8. hxg3 h6 9. c4 e6 10. Nc3 Bg7 11. cxd5 exd5 12. Qb3 Ne7 13. Nf3 c6 14. O-O-O Bg4 15. Kb1 Qb6 16. Qc2 O-O-O 17. Rc1 Kb8 18. Ne5 Be6 19. Na4 Qc7 20. Nc5 Bxe5 21. dxe5 Qxe5 22. Rxh6 Bc8 23. Qb3 Ka8 24. Rhh1 f5 25. Rhd1 f4 26. exf4 gxf4 27. gxf4 Qxf4 28. Bf1 Qxf2 29. Na4 d4 30. Qa3 Nd5 31. Nc5 Rg3 32. Qa4 Bf5+ 33. Ka1 Bc8 34. Ba6 Nb6 35. Qa5 bxa6 36. Nxa6 Bxa6 37. Qxa6 Rxg2 38. Rb1 d3 39. Rxd3 Rxd3 40. Qxd3 Qd2 41. Qe4 Qd5 42. Qe8+ Kb7 43. Rf1 Rg7 44. a3 Rc7 45. Qg6 Qd7 46. Qc2 a5 47. Rc1 a4 48. Qc5 Qd5 49. Qc3 Qb5 50. Rd1 Rd7 51. Rxd7+ Nxd7 52. Qg7 Qf1+ 53. Ka2 Qc4+ 54. Kb1 Qd5 55. Qg4 Kb6 56. Qxa4 Qf5+ 57. Ka1 Qf1+ 58. Ka2 Qb5 59. Qf4 Ne5 60. Qf8 Qc4+ 61. Kb1 Qd3+ 62. Ka1 Qd1+ 63. Ka2 Qd5+ 64. Ka1 Nd7 65. Qb4+ Qb5 66. Qxb5+ Kxb5 67. b4 Ka4 68. Kb2 Nb6 69. Ka2 Nc4 70. b5 cxb5 71. Kb1 Kxa3 72. Kc2 Ka2 73. Kc3 Ka3 74. Kc2 b4 75. Kb1 b3 76. Ka1 b2+ 77. Kb1 Nd2+ 78. Kc2 b1=Q+ 79. Kxd2 Qe4 0-1

[Event "Titled Tuesday intern op 21st Dec"]
[Site "Chess.com INT"]
[Date "2021.12.21"]
[Round "2"]
[White "Mitusov, Semen"]
[Black "Martinez Alcantara, Jose Eduardo"]
[Result "0-1"]
[WhiteElo "2304"]
[BlackElo "2615"]
[PlyCount "114"]
[EventDate "2021.12.21"]
[EventType "swiss (blitz)"]
[EventRounds "11"]
[EventCountry "USA"]
[SourceTitle "CBM 205 Extra"]
[Source "ChessBase"]
[SourceDate "2022.01.31"]
[SourceVersion "1"]
[SourceVersionDate "2022.01.31"]
[SourceQuality "1"]

1. e4 c5 2. c3 d5 3. exd5 Qxd5 4. d4 Nf6 5. Nf3 e6 6. Bd3 Be7 7. O-O O-O 8. Re1 cxd4 9. cxd4 b6 10. Nc3 Qd8 11. Ne4 Bb7 12. Nfg5 Nbd7 13. Ng3 h6 14. N5e4 Re8 15. Bf4 Nxe4 16. Bxe4 Bxe4 17. Nxe4 Nf6 18. Nxf6+ Bxf6 19. Be5 Rc8 20. Qa4 Bxe5 21. dxe5 Qc7 22. Rad1 Red8 23. h3 Rxd1 24. Qxd1 Qc2 25. Qd7 Rc7 26. Qd8+ Kh7 27. Re3 Qb1+ 28. Kh2 Rc1 29. f4 Rh1+ 30. Kg3 Qg6+ 31. Kf2 Rc1 32. Re2 Rc4 33. g3 Qf5 34. Kg2 Rc2 35. Rxc2 Qxc2+ 36. Kf3 Qxb2 37. Qd3+ Kg8 38. Qd8+ Kh7 39. Qd3+ g6 40. Qd7 Qa3+ 41. Kg2 Kg7 42. Qd2 a5 43. h4 h5 44. Kh3 Qf3 45. Kh2 Qd5 46. Qc2 b5 47. a3 b4 48. axb4 axb4 49. Qc7 b3 50. Qb8 Qd2+ 51. Kh3 Qd1 52. Kh2 Qc2+ 53. Kh3 b2 54. Qd8 Qf5+ 55. Kh2 b1=Q 56. Qd2 Qbc2 57. Qf2 Qxf2+ 0-1

[Event "Titled Tuesday intern op 21st Dec"]
[Site "Chess.com INT"]
[Date "2021.12.21"]
[Round "2"]
[White "Moskalenko, Alexander"]
[Black "Macovei, Andrei"]
[Result "1-0"]
[WhiteElo "2514"]
[BlackElo "2454"]
[PlyCount "87"]
[EventDate "2021.12.21"]
[EventType "swiss (blitz)"]
[EventRounds "11"]
[EventCountry "USA"]
[SourceTitle "CBM 205 Extra"]
[Source "ChessBase"]
[SourceDate "2022.01.31"]
[SourceVersion "1"]
[SourceVersionDate "2022.01.31"]
[SourceQuality "1"]

1. e4 e5 2. Nf3 Nc6 3. Bb5 a6 4. Ba4 Nf6 5. O-O b5 6. Bb3 Bb7 7. d4 exd4 8. e5 Ne4 9. Bd5 Nc5 10. Re1 Ne6 11. Nbd2 Bc5 12. Ne4 Bb6 13. Bg5 Qb8 14. Bh4 Ne7 15. Bxb7 Qxb7 16. Bxe7 Kxe7 17. Qd2 h6 18. Ng3 g6 19. c3 dxc3 20. bxc3 Rad8 21. Ne4 Kf8 22. h4 Kg7 23. h5 Qc6 24. Rad1 Qc4 25. hxg6 fxg6 26. Nd4 Rhf8 27. Nf6 d6 28. Ng4 Nf4 29. e6 Rde8 30. g3 Bxd4 31. cxd4 Nxe6 32. Qxh6+ Kf7 33. Qh7+ Ng7 34. Rxe8 Rxe8 35. Nh6+ Kf6 36. Ng4+ Kf7 37. Qh6 Qe2 38. Rc1 Qxg4 39. Rxc7+ Re7 40. Rxe7+ Kxe7 41. Qxg7+ Ke6 42. Qg8+ Kd7 43. Qd5 Qf4 44. gxf4 1-0